[Event "Bunratty Masters op 23rd"]
[Site "Bunratty"]
[Date "2016.02.20"]
[Round "3"]
[White "Cafolla, Peter"]
[Black "O'Connor, Jonathan"]
[Result "1/2-1/2"]
[WhiteElo "1990"]
[BlackElo "2182"]
[PlyCount "44"]
[EventDate "2016.02.19"]
[EventType "swiss"]
[EventRounds "6"]
[EventCountry "IRL"]
[SourceTitle "EXT 2017"]
[Source "ChessBase"]
[SourceDate "2016.10.25"]
[SourceVersion "1"]
[SourceVersionDate "2016.10.25"]
[SourceQuality "1"]

1. e4 e6 2. d4 d5 3. e5 c5 4. c3 Qb6 5. Nf3 Nc6 6. a3 c4 7. Nbd2 Bd7 8. Be2 Na5 9. 0-0 Ne7 10. Ng5 h6 11. Nh3 0-0-0 12. Qe1 Ba4 13. Bh5 g6 14. Bd1 Qc6 15. f4 Bxd1 16. Qxd1 Nf5 17. Nf3 Nb3 18. Rb1 h5 19. Nhg5 Qe8 20. Qe2 Be7 21. Be3 Qg8 22. Bf2 Qg7 1/2-1/2

[Event "Bunratty Masters op 23rd"]
[Site "Bunratty"]
[Date "2016.02.20"]
[Round "2"]
[White "O'Connor, Jonathan"]
[Black "Li, Henry"]
[Result "1-0"]
[WhiteElo "2182"]
[BlackElo "1929"]
[PlyCount "107"]
[EventDate "2016.02.19"]
[EventType "swiss"]
[EventRounds "6"]
[EventCountry "IRL"]
[SourceTitle "EXT 2017"]
[Source "ChessBase"]
[SourceDate "2016.10.25"]
[SourceVersion "1"]
[SourceVersionDate "2016.10.25"]
[SourceQuality "1"]

1. d4 Nf6 2. Nf3 g6 3. c4 Bg7 4. Nc3 0-0 5. e4 d6 6. h3 e5 7. d5 a5 8. g4 Na6 9. Be3 Kh8 10. Be2 Ng8 11. Qc2 f5 12. g5 b6 13. 0-0-0 a4 14. a3 Nc5 15. Nd2 Nb3+ 16. Nxb3 axb3 17. Qxb3 f4 18. Bd2 Qxg5 19. Rdg1 Qh4 20. Nd1 Nf6 21. Qf3 Bd7 22. Nc3 Rf7 23. Kb1 Bh6 24. Be1 Raf8 25. Qd3 f3 26. Bxf3 Nxd5 27. Bg4 Nxc3+ 28. Qxc3 Qf6 29. Be2 Qf4 30. f3 Qe3 31. Qxe3 Bxe3 32. Rg2 Be6 33. h4 Kg7 34. Kc2 c6 35. Bc3 Bf4 36. Rd1 Rd8 37. Bb4 Rfd7 38. Be1 Kf6 39. Bf2 Rb8 40. Rgg1 b5 41. cxb5 cxb5 42. b3 b4 43. a4 Rc8+ 44. Kb2 Rc3 45. Rd3 Rdc7 46. Rxc3 Rxc3 47. Bd1 Rd3 48. Bb6 Be3 49. Bxe3 Rxe3 50. Rg2 d5 51. exd5 Bxd5 52. Rg4 Bxf3 53. Bxf3 Rxf3 54. Rxb4 1-0

[Event "IRL-ch"]
[Site "Dublin"]
[Date "2014.07.09"]
[Round "5"]
[White "O'Rourke, Ray"]
[Black "O'Connor, Jonathan"]
[Result "0-1"]
[WhiteElo "1997"]
[BlackElo "2150"]
[PlyCount "56"]
[EventDate "2014.07.05"]
[EventType "swiss"]
[EventRounds "9"]
[EventCountry "IRL"]
[SourceTitle "CBM 161 Extra"]
[Source "ChessBase"]
[SourceDate "2014.08.29"]
[SourceVersion "1"]
[SourceVersionDate "2014.08.29"]
[SourceQuality "1"]

1. e4 e6 2. d4 d5 3. Nd2 Nf6 4. e5 Nfd7 5. Ngf3 c5 6. c3 Nc6 7. Be2 a5 8. a4 cxd4 9. cxd4 Qb6 10. Nb3 Bb4+ 11. Kf1 0-0 12. h4 f6 13. Bd3 h6 14. Ng5 Ndxe5 15. dxe5 fxg5 16. Qe2 g4 17. Be3 Qc7 18. Qxg4 Nxe5 19. Qe2 Qd6 20. Bc2 Qa6 21. Nd4 Qxe2+ 22. Kxe2 Nc4 23. Bc1 e5 24. Nb5 Bf5 25. Bb3 Rac8 26. Na3 Kh8 27. Bxc4 dxc4 28. Nb5 Bd3+ 0-1

[Event "Bunratty Masters op 21st"]
[Site "Bunratty"]
[Date "2014.02.09"]
[Round "5"]
[White "L'Ami, Alina"]
[Black "O'Connor, Jonathan"]
[Result "1-0"]
[WhiteElo "2398"]
[BlackElo "2142"]
[PlyCount "77"]
[EventDate "2014.02.07"]
[EventType "swiss"]
[EventRounds "6"]
[EventCountry "IRL"]
[SourceTitle "CBM 158 Extra"]
[Source "ChessBase"]
[SourceDate "2014.02.28"]
[SourceVersion "1"]
[SourceVersionDate "2014.02.28"]
[SourceQuality "1"]

1. d4 Nf6 2. c4 e6 3. Nc3 Bb4 4. Qc2 c5 5. dxc5 Bxc5 6. Nf3 Qb6 7. e3 Qc7 8. Be2 b6 9. b3 a6 10. Bb2 Bb7 11. 0-0 Be7 12. Rfd1 d6 13. Nd4 0-0 14. Bf3 Nbd7 15. Bxb7 Qxb7 16. Qe2 Rac8 17. e4 Rfe8 18. Re1 Bf8 19. Rad1 Qb8 20. h3 h6 21. Nf3 Red8 22. Nd4 Re8 23. Rd3 Ne5 24. Rd2 Ng6 25. Qd1 Qc7 26. Nc2 Red8 27. Ne3 Qc6 28. Nc2 Qc5 29. Na4 Qc7 30. Bxf6 gxf6 31. Ne3 b5 32. cxb5 axb5 33. Nb2 Qc5 34. Nd3 Qg5 35. Rf1 Nf4 36. h4 Nh3+ 37. Kh2 Qxh4 38. gxh3 h5 39. f4 1-0